Elementa physicae conscripta in usus academicos (Record no. 8517)

MARC details
000 -CABECERA
campo de control de longitud fija 00893nam a2200241 a 4500
001 - NÚMERO DE CONTROL
campo de control BRCA_8866
005 - FECHA Y HORA DE LA ÚLTIMA TRANSACCIÓN
campo de control 20190320210436.0
008 - DATOS DE LONGITUD FIJA--INFORMACIÓN GENERAL
campo de control de longitud fija 140617s1781----it-#######---#000-0#lat-#
041 ## - CÓDIGO DE LENGUA
Código de lengua del texto/banda sonora o título independiente lat
044 ## - CÓDIGO DEL PAÍS DE LA ENTIDAD EDITORA/PRODUCTORA
Código MARC del país it
084 ## - OTRO NÚMERO DE CLASIFICACIÓN
Número de clasificación BE247
Número de documento/Ítem .M87 1781
100 1# - ENTRADA PRINCIPAL--NOMBRE DE PERSONA
Nombre de persona Musschenbroek, Petro van
Fechas asociadas al nombre 1692 - 1761
9 (RLIN) 22080
245 10 - MENCIÓN DE TÍTULO
Título Elementa physicae conscripta in usus academicos
Mención de responsabilidad, etc. a Petro van Musschenbroek; opera et Studio V. CL. Antonio Genuensis.
250 ## - MENCIÓN DE EDICIÓN
Mención de edición 5a ed.
260 ## - PUBLICACIÓN, DISTRIBUCIÓN, ETC.
Lugar de publicación, distribución, etc. Bassani
Nombre del editor, distribuidor, etc. Apud Remondini
Fecha de publicación, distribución, etc. 1781
300 ## - DESCRIPCIÓN FÍSICA
Extensión 356 p. (t.2)
Dimensiones 18.5 x 12.5 cm.
500 ## - NOTA GENERAL
Nota general Superiorum permissu, ac Privilegio
500 ## - NOTA GENERAL
Nota general Estado físico: presenta encuadernación en pergamino deteriorado, con cintas rotas y sin portada; se anexaron las hojas preliminares y la portada
650 14 - PUNTO DE ACCESO ADICIONAL DE MATERIA--TÉRMINO DE MATERIA
Término de materia o nombre geográfico como elemento de entrada Física
Subdivisión cronológica Obras anteriores a 1800
9 (RLIN) 22081
700 1# - PUNTO DE ACCESO ADICIONAL--NOMBRE DE PERSONA
Nombre de persona Genuensis, Antoni
9 (RLIN) 22082
902 ## - CATALOGADOR
Iniciales CFM
942 ## - ELEMENTOS DE PUNTO DE ACCESO ADICIONAL (KOHA)
Fuente del sistema de clasificación o colocación Library of Congress Classification
Tipo de ítem Koha Libros
Holdings
Estado de retiro Estado de pérdida Estado dañado No para préstamo Localización permanente Ubicación/localización actual Fecha de adquisición Total de préstamos Signatura topográfica completa Código de barras Fecha visto por última vez Precio válido a partir de Tipo de ítem Koha
El ejemplar forma parte de la colección y puede ser consultado según las políticas vigentes.       Biblioteca del Museo Franz Mayer (Rogerio Casas-Alatriste) Biblioteca del Museo Franz Mayer (Rogerio Casas-Alatriste) 14/06/2017   BE247 .M87 1781 CFM00189 22/03/2019 22/03/2019 Libros